La tipología de gobiernos presidencialistas, parlamentarios y semipresidenciales: bases constitucionales semipresidenciales para un Chile del siglo XXI

Uloženo v:
Podrobná bibliografie
Hlavní autor: Nogueira Alcalá, Humberto (autor)
Médium: Kniha
Jazyk:španělština
Vydáno: Santiago Triángulo 2017
Vydání:1a. ed
Témata:
Tagy: Přidat tag
Žádné tagy, Buďte první, kdo vytvoří štítek k tomuto záznamu!

MARC

LEADER 00000cam a2200000 a 4500
001 UCC1906
003 CL-VaPUC
008 171208e20170000cl |||||||||||||||||spa|d
020 |a 9789569539084 
082 0 4 |a 342  |b NOG  |2 21 
100 |a Nogueira Alcalá, Humberto  |e autor  |9 876107 
245 1 3 |a La tipología de gobiernos presidencialistas, parlamentarios y semipresidenciales: bases constitucionales semipresidenciales para un Chile del siglo XXI 
250 |a 1a. ed 
300 |a 437 p 
942 |c BK 
945 |d 20171208 18:54:00  |a dcastane 
260 |a Santiago  |b Triángulo  |c 2017 
650 0 |a Derecho constitucional   |9 222588 
650 0 |a Constitución política  |9 336925 
650 7 |a INTERPRETACION CONSTITUCIONAL  |2 CL-VaPUC  |9 424493 
583 |a last modification  |c 20171208 18:54:00  |k Rodrigo Vera 
999 |c 370241  |d 370239 
952 |0 0  |1 0  |3 erb  |4 0  |6 342_000000000000000_NOG_2017  |7 0  |8 A  |9 486594  |a BIBDER  |b BIBDER  |i 5441021  |o 342 NOG 2017  |p 5441021  |r 2023-01-25  |w 2019-11-24  |y BK  |z Catalogado en:20171208  |k DER